Multiple Choice City Quiz - Halifax - Statistics

General Stats
  • This quiz has been taken 28 times
  • The average score is 7 of 10
Answer Stats
Question Answer % Correct
Which of these fortifications is located downtown? Halifax Citadel
86%
What record was broken in 1917 in Halifax? Largest man-made explosion
81%
Which group of First Nations people settled in the region? Mi'kmaq
81%
How many bridges span Halifax Harbour? 2
76%
What happens at 12 p.m. every day? A cannon is fired
76%
Which local brewery was founded in 1820? Alexander Keith's
76%
Which food was nominated as the official food of Halifax in 2015? Donair
76%
Which of these terms refer to someone from Halifax? Haligonian
76%
Which waterway connects Halifax Harbour to the Bay of Fundy? Shubenacadie Canal
62%
Which prime minister served as Member of Parliament for Halifax?
48%
No matching quizzes found
Score Distribution
Percent of People with Each Score
Percentile by Number Answered
Your Score History
You have not taken this quiz